| 000 | 00476nab a2200145Ia 4500 | ||
|---|---|---|---|
| 003 | ES-SlBCS | ||
| 005 | 20210601142426.0 | ||
| 008 | 140529s1992 xxu||||| |||| 00| 0 spa d | ||
| 041 | _aspa | ||
| 100 | 1 |
_aGreen, Howard _9270232 |
|
| 245 | 0 | 0 |
_aEl tratamiento de enfermedades mediante cultivos celulares _c Howard Green |
| 650 | 0 | 4 |
_aMedicina _914377 |
| 773 | 0 |
_tInvestigacion y Ciencia (Traducción de: Scientific American) _gnº. 184, 1992, págs. 62-68 _wRev1650 |
|
| 942 | _cAR | ||
| 999 |
_c676664 _d676664 |
||